000 01517nam a2200289Ia 4500
999 _c56591
_d56591
001 23705
003 GE_BSU
005 20260406150427.0
008 181216s1984||||ge |||||||||||||| ||geo||
040 _cGE_BSU
041 _ageo
080 _a930(479.22) + 34(479.22)(09) ჯ-14
100 _aჯავახიშვილი, ი. (ივანე, 1876-1940)
_911800
245 _aთხზულებანი : 12 ტომად. ტ. 7, ქართლის სამართლის ისტორია /
_cივანე ჯავახიშვილი ; [ტომის რედ. ი. დოლიძე] ; საქ. სსრ მეცნ. აკადემია.
264 _aთბილისი :
_bთბილ. უნ-ტის გამ-ბა,
_c1984.
300 _a421 გვ. ;
_c26 სმ.
500 _aსაძიებლები გვ.: 391-416
541 _h4ლ. 40თ.
653 _aთხზულებანი : 12 ტომად. ტ. 7
653 _aქართლის სამართლის ისტორია
653 _aქართული ისტორიოგრაფია
653 _a ქართული სამართლის ისტორია
653 _aსაქართველოს ისტორია
700 _aდოლიძე, ისიდორე
_eრედაქტორი
_91462
710 _aსაქ. სსრ მეცნ. აკადემია
_927254
942 _cBK
_2udc